| 000 | 00741nam a2200229Ia 4500 | ||
|---|---|---|---|
| 005 | 20260704175957.0 | ||
| 008 | 260704s9999||||xx |||||||||||||| ||und|| | ||
| 020 |
_a9780099513735 _qpbk |
||
| 082 |
_a823.912 _bWOD |
||
| 100 | _aWodehouse, P. G. | ||
| 245 | 0 | _aThank you, Jeeves | |
| 250 | _a1st ed. 1934 ; 1st Arrow Books ed. 2008 | ||
| 260 |
_aLondon _bArrow Books/Penguin Random House UK _c2008 |
||
| 300 | _a263p., 12p. ; 20cm. | ||
| 653 | _aEngland—Fiction | ||
| 653 | _aHumorous stories, English | ||
| 653 | _aJeeves (Fictitious character)—Fiction | ||
| 653 | _aValets—Fiction | ||
| 653 | _aWooster, Bertie (Fictitious character)—Fiction | ||
| 653 | _aWooster, Bertie (Fictitious character)—Fiction | ||
| 942 | _cBK | ||
| 999 |
_c57370 _d57370 |
||